Detalles MARC
| 000 -CABECERA |
| campo de control de longitud fija |
00897cam a2200241 a 4500 |
| 001 - NÚMERO DE CONTROL |
| campo de control |
000020145 |
| 005 - FECHA Y HORA DE LA ÚLTIMA TRANSACCIÓN |
| campo de control |
20200929170303.0 |
| 008 - DATOS DE LONGITUD FIJA--INFORMACIÓN GENERAL |
| campo de control de longitud fija |
790309s1940 ag 000 e spa d |
| 040 ## - FUENTE DE LA CATALOGACIÓN |
| Centro catalogador/agencia de origen |
DO-SdBNP |
| Lengua de catalogación |
spa |
| Centro/agencia transcriptor |
BNPHU |
| 082 ## - NÚMERO DE LA CLASIFICACIÓN DECIMAL DEWEY |
| Número de clasificación |
864.6 |
| Número de documento/Ítem |
Ó77L |
| 049 ## - FONDOS LOCALES (OCLC) |
| Fondos de biblioteca |
BNGR |
| 100 1# - ENTRADA PRINCIPAL--NOMBRE DE PERSONA |
| Nombre de persona |
Ortega y Gasset, José, |
| Fechas asociadas al nombre |
1883-1955. |
| 9 (RLIN) |
5769 |
| 245 13 - MENCIÓN DE TÍTULO |
| Título |
El libro de las misiones / |
| Mención de responsabilidad, etc. |
José Ortega y Gasset. |
| 260 ## - PUBLICACIÓN, DISTRIBUCIÓN, ETC. |
| Lugar de publicación, distribución, etc. |
Buenos Aires, Argentina : |
| Nombre del editor, distribuidor, etc. |
Espasa-Calpe Argentina, |
| Fecha de publicación, distribución, etc. |
1940. |
| 300 ## - DESCRIPCIÓN FÍSICA |
| Extensión |
172 p. ; |
| Dimensiones |
18 cm. |
| 490 1# - MENCIÓN DE SERIE |
| Mención de serie |
Austral. Verde: ensayos y filosofía |
| Designación de volumen o secuencia |
101 |
| 504 ## - NOTA DE BIBLIOGRAFÍA, ETC. |
| Nota de bibliografía, etc. |
Incluye referencias bibliográficas y notas al pie de las páginas. |
| 505 0# - NOTA DE CONTENIDO CON FORMATO |
| Nota de contenido con formato |
Misión del bibliotecario--Misión de la universidad--Miseria y esplendor de la traducción. |
| 650 #4 - PUNTO DE ACCESO ADICIONAL DE MATERIA--TÉRMINO DE MATERIA |
| Término de materia o nombre geográfico como elemento de entrada |
Ensayos españoles |
| 9 (RLIN) |
3095 |
| 650 #4 - PUNTO DE ACCESO ADICIONAL DE MATERIA--TÉRMINO DE MATERIA |
| Término de materia o nombre geográfico como elemento de entrada |
Literatura española |
| 9 (RLIN) |
632 |
| 830 #0 - PUNTO DE ACCESO ADICIONAL DE SERIE-TÍTULO UNIFORME |
| Título uniforme |
Austral. |
| Nombre de parte o sección de la obra |
Verde: ensayos y filosofía; |
| Designación de volumen o secuencia |
101 |
| 9 (RLIN) |
8733 |
| 910 ## - DATOS DE OPCIÓN DEL USUARIO (OCLC) |
| Datos de opción del usuario |
WM |